000 00691nam a2200241Ia 4500
003 OSt
005 20220918212648.0
006 a|||||r|||| 00| 0
007 ta
008 220917b |||||||| |||| 00| 0 eng d
024 _a129,671
037 _cTextual
040 _aARTS
_cARTS
_beng
041 _2eng
_aeng
082 _aX:3M.3.N6<-N1, M7
100 _aClaeys Gregory
_931170
245 0 _aMachinery, money and the millennium
_b from moral economy to socialism 1815-1860
260 _aCambridge
_bPolity Press
_c1987
300 _axxx,245p.
_ccm.
650 _aECONOMICS
942 _hX:3M.3.N6<-N1, M7
_cTEXL
_2CC
999 _c252798
_d252798